000 00414nam a22001697a 4500
999 _c6355
_d6353
005 20210825141446.0
008 200520b xxu||||| |||| 00| 0 eng d
020 _a9789374735060
041 _aeng
082 _a615.72 NAR
100 _aNarula ,Dr. V.K
_95655
245 _aHandbook for Medical Repre Students
260 _aDelhi
_bAITBS PUBLISHERS
300 _a616p.
650 _aPharmacy
_96634
942 _cBK